|
|
|
|
| LEADER |
01363nam a22003137a 4500 |
| 001 |
mzk03001223922 |
| 003 |
CZ BrMZK |
| 005 |
20160126102413.0 |
| 007 |
ta |
| 008 |
050607s1685 gw b fr|||||00| ||gerod |
| 040 |
|
|
|a BOA001
|b cze
|c BOA001
|
| 072 |
|
7 |
|a 094
|x Staré tisky
|2 Konspekt
|9 12
|
| 080 |
|
|
|a (0.068)094
|2 MRF
|
| 100 |
1 |
|
|a Funck, David,
|d 1642-1709
|7 mzk2008453553
|4 aut
|
| 245 |
1 |
0 |
|a Nutz-dienliches Register oder Anzeiger Uber die neue wohl-eingerichte Land-Charte Teutschlandes :
|b Darinnen enthalten die Denckwürdigsten Städte, Vestungen, und Flüsse, auch theils nahmhaffte oder bekante Flecken und Dörffer, zu samt denen an Teutschland anstossenden Ländereyen ... Denen Curiösen Liebhabern ... wie auch Reisenden ... gantz neu herausgegeben /
|c Von David Funck, Kunst- und Buchhändlern in Nürnberg
|
| 260 |
|
|
|a Nürnberg :
|b David Funk,
|c [1685?]
|
| 300 |
|
|
|a [3], 60 s. ;
|c 12°
|
| 500 |
|
|
|a Výzdoba: Mapy
|
| 501 |
|
|
|a Přívazek k: Des Schutz-reichen Adler-Füttichs ... Schoss-Kind ...
|
| 510 |
3 |
|
|a VD17
|
| 655 |
|
7 |
|a staré tisky
|7 fd422076
|2 czenas
|
| 903 |
|
|
|a RP
|
| 910 |
|
|
|a BOE452
|b Mn
|
| 978 |
|
|
|b Funck, David
|a Nürnberg
|c 1685
|
| 984 |
|
|
|a Norimberk
|b Německo
|
| 985 |
|
|
|a 1651-1700
|
| 990 |
|
|
|a BK
|
| 991 |
|
|
|k minorite
|
| 994 |
|
|
|a UP
|l MZK03
|b 001223921
|m přívazek
|n záznam 1. díla (pro objednání pokračujte kliknutím)
|